000 00273nam a2200121Ia 4500
008 230303s9999 xx 000 0 und d
041 _aeng
082 _a808.887 RAN
100 _aRAND (AYM)
245 _aWe the Living
260 _aNEW YORK
_bSignet books
365 _cRS
999 _c179144
_d179144